000
00331nam a22001457a 4500
003
OSt
020
_a
9788129129802
082
_a
823
_b
MAI
100
_a
MATHUR, Anurag
245
_a
The Inscrutable Americans
260
_a
New Delhi:
_b
Rupa Publications,
_c
1991.
300
_a
229p.
650
_a
General Books
942
_2
ddc
_c
REF
999
_c
12773
_d
12773